Spell the Avenger #1 - Statistics

General Stats
  • This quiz has been taken 22 times
  • The average score is 4 of 5
Answer Stats
Picture Answer % Correct
Ant-Man
100%
Spider-Man
100%
Wasp
78%
Wonder Man
67%
Patsy Walker
50%
No matching quizzes found
Score Distribution
Percent of People with Each Score
Percentile by Number Answered
Your Score History
You have not taken this quiz